Biology: A global approach (Record no. 11394)

MARC details
000 -LEADER
fixed length control field 00453nam a2200181Ia 4500
008 - FIXED-LENGTH DATA ELEMENTS--GENERAL INFORMATION
fixed length control field 230917s9999||||xx |||||||||||||| ||und||
020 ## - ISBN
Price GBP49.99
040 ## - CATALOGING SOURCE
-- 216470
Original cataloging agency VIVEKANANDA LIBRARY
041 ## - Language
-- English
082 ## - DDC NUMBER
Classification number 570 C153B
100 ## - MAIN ENTRY--PERSONAL NAME
Personal name Campbell, Neil A
245 #0 - TITLE STATEMENT
Title Biology: A global approach
250 ## - EDITION STATEMENT
Edition statement 10th. ed.
260 ## - PUBLICATION, DISTRIBUTION, ETC. (IMPRINT)
Place of publication, distribution, etc Boston
Name of publisher, distributor, etc Pearson
Date of publication, distribution, etc 2015
300 ## - PHYSICAL DESCRIPTION
Pages 1351 p.
500 ## - GENERAL NOTE
General note 1547 19/05/2014 47 20/05/2014 Main Budget
942 ## - ADDED ENTRY ELEMENTS (KOHA)
Koha item type Books
Holdings
Withdrawn status Lost status Damaged status Not for loan Location (home branch) Sublocation or collection (holding branch) Date acquired Koha issues (times borrowed) Koha full call number Accession No. Koha date last seen Koha item type
        VIVEKANANDA LIBRARY VIVEKANANDA LIBRARY 06/06/2014   570 C153B 306163 17/09/2023 Books
        VIVEKANANDA LIBRARY VIVEKANANDA LIBRARY 06/06/2014   570 C153B 306164 17/09/2023 Books
        VIVEKANANDA LIBRARY VIVEKANANDA LIBRARY 06/06/2014   570 C153B 306165 17/09/2023 Books
        VIVEKANANDA LIBRARY VIVEKANANDA LIBRARY 06/06/2014   570 C153B 306166 17/09/2023 Books
        VIVEKANANDA LIBRARY VIVEKANANDA LIBRARY 06/06/2014   570 C153B 306167 17/09/2023 Books
© Designed and Maintained by Vivekananda Library, MDU Rohtak